000 00891nam1a22002411i 4500
001 rc\2972299
005 20240921140505.0
035 _a(NLR Aleph) 007206827
090 _a7656598
_c7656598
100 _a20110907d1937 |||y0rusy50 ca
101 0 _arus
102 _aRU
105 _ay z |||||
200 1 _aОбмен опытом
_e1-
210 _a[Москва]
_cБ. и.
_d1937
_g13 тип. Мособлполиграфа
215 _d15×10 см
225 1 _aТехнико-экономическая информация
_fНКЛП ГУКОП. Ред. журн. "Кож.-обувная пром-сть СССР"
710 0 2 _a"Кожевенно-обувная промышленность СССР", журнал
_cМосква
_9443488
_3RU\NLR\AUTH\880388750
801 0 _aRU
_bNLR
_gpsbo
801 1 _aRU
_bELAR
_2rusmarc
852 _aNLR
_j37-15/17
942 _cBOOK